Регионална библиотека "Любен Каравелов" - Русе

Част от секундата (Запис номер 104319)

MARC детайли
000 -Лидер
Контролно поле с фиксирана дължина 01311nam a2200337 c 4500
003 - Код на организацията, давaща контролен номер
Контролно поле BLK
005 - Дата и час на последна редакция
Контролно поле 20250729093929.0
008 - Елементи от данни с фиксирана дължина
fixed length control field 180409b bul|||||r ||||||| ||bul||
010 ## - Наследен системен номер
LC control number KNG00109423000
020 ## - Международен стандартен номер на книга ISBN
Международен стандартен номер на книга ISBN 954-769-058-2
-- издат.: Обсидиан
040 ## - Източник на каталожния запис
Идентификатор на билиотеката - собственик на записа BLK
041 ## - Код за език
Код за езика на текст/звукозапис или на отделно заглавие Български
Код за езика КДБФ Български
080 ## - УДК
Текстов определител УДК Американска литература (на САЩ)
УДК код - определител по УДК 821.111(73)
УДК определител -312.4
УДК - код + определител 821.111(73)-312.4
100 1# - Редна дума - Автор
Автор Балдачи, Дейвид
Авторска отговорност първи автор
R(LIN) 35928
139 ## - Редно поле
Редна дума Балдачи, Дейвид
Авторски знак Балд - Б 21
245 10 - Сведения за заглавието
Заглавие Част от секундата
Подзаглавни данни Роман
Редно поле (дума) Дейвид Балдачи; прев. от англ. Любомир Николов.
257 ## - Страна на издаване
Страна на създаване/издаване Съединени американски щати
260 ## - Област на издателските данни
-- София
Име на издателя, разпространителя и проч. Обсидиан
Година на издаване 2003
Печатница София : Балканпрес АД
300 ## - Физическа характеристика
Страници 400 с.
Размери/Мащаб 20 см
380 ## - Жанр
Жанр Худож. лит.
500 ## - Общи забележки
Забележка Ориг. загл. Split Second / David Baldacci. - Офс. изд.
653 ## - Ключова дума – ненормативна
Ключова дума романи
653 ## - Ключова дума – ненормативна
Ключова дума трилъри
700 ## - Други автори (авторска отговорност)
Лично име Николов, Любомир Славов, 1950 -
9 (RLIN) 242031
852 ## - Местоположение
Форматна сигнатура Цб 216983
856 4# - Електронен адрес и достъп
Електронен формат pdf - файл
Път до файла /url/
856 4# - Електронен адрес и достъп
Електронен формат pdf - файл
Път до файла /url/
942 ## - АРТИКУЛИ
Вид на библиотечния материал Книги
Скрит в OPAC Не
Koha issues (borrowed), all copies 105
944 ## - СЪЗДАВАНЕ И РЕДАКЦИЯ на ЗАПИСА
Създаване/Редакция Създаване
Дата на регистрацията/редакция 05.12.2003
Статус, дата на статуса Мартин Енчев
Служител, извършил регистрацията/редакцията 30575
944 ## - СЪЗДАВАНЕ И РЕДАКЦИЯ на ЗАПИСА
Създаване/Редакция Редакция
Дата на регистрацията/редакция 22.12.2017
Статус, дата на статуса ф /
Служител, извършил регистрацията/редакцията Пенка_Димитрова
999 ## - СИСТЕМНИ КОНТРОЛНИ НОМЕРА
Koha biblionumber 104319
Koha biblioitemnumber 104319
Наличности
Код за отписване Код за изгубен артикул Източник на класификационната схема Код за повреда Коз за рестрикции Код за отдаване Артикулен № Име на библиотеката - собственик Име на библиотеката, в която се намира в момента Статус (Текущо местоположение) Дата на вписване в системата Местоположение - отдел Цена в лева Инвентарен номер Систематично азбучна сигнатура Баркод Номер на екземпляра Цена в евро Служебна бележка Служебен тип на артикула
Изтеглен Не е изгубен Universal Decimal Classification Не е повреден без рестрикции заемане за дома 168464 Регионална библиотека "Любен Каравелов" Русе Регионална библиотека "Любен Каравелов" Русе Заемна - подръчен фонд 2003-12-05 Заемна - подръчен фонд 10.00 120000680665 П 820(73)-31/Б 21 120000680665 1 5.11 Дост: Pk Вид: Ф N: 40 Дата: 05.12.2003 Книги
  Не е изгубен Universal Decimal Classification Не е повреден без рестрикции заемане за дома 168465 Регионална библиотека "Любен Каравелов" Русе Регионална библиотека "Любен Каравелов" Русе Заемна - подръчен фонд 2003-12-22 Заемна - подръчен фонд 10.00 120000681241 П 821-31/Б 21 120000681241 2 5.11 Дост: Pk Вид: Ф N: 8854 Дата: 19.12.2003 Дата инв: 14.02.2018 Бележки инв: П2018 Книги
Изтеглен Не е изгубен Universal Decimal Classification Не е повреден без рестрикции заемане за дома 168466 Регионална библиотека "Любен Каравелов" Русе Регионална библиотека "Любен Каравелов" Русе Заемна - подръчен фонд 2004-03-02 Заемна - подръчен фонд 10.00 120000683229 П 820(73)-31/Б 21 120000683229 3 5.11 Дост: Pk Вид: Ф N: 7 Дата: 02.03.2004 Дата инв: 14.02.2018 Бележки инв: П2018 Книги
Изтеглен Не е изгубен Universal Decimal Classification Не е повреден без рестрикции заемане за дома 168467 Регионална библиотека "Любен Каравелов" Русе Регионална библиотека "Любен Каравелов" Русе Заемна - подръчен фонд 2010-03-29 Заемна - подръчен фонд 10.00 120000742982 П 820(73)-31/Б 21 120000742982 4 5.11 Дост: DA Вид: А N: 10 Дата: 29.03.2010 Книги
  Не е изгубен   Не е повреден без рестрикции ползва се в читалня 168468 Регионална библиотека "Любен Каравелов" Русе Регионална библиотека "Любен Каравелов" Русе Хранилище 2011-07-21 Основен фонд - ползва се само за читалня 10.00 120000752129 Цб 216983 120000752129 5 5.11 Дост: DA Вид: А N: 12 Дата: 21.07.2011 Книги
  Не е изгубен Universal Decimal Classification Не е повреден без рестрикции заемане за дома 168469 Регионална библиотека "Любен Каравелов" Русе Регионална библиотека "Любен Каравелов" Русе Заемна - подръчен фонд 2017-12-22 Заемна - подръчен фонд 10.00 120000818566 П 820(73)-31/Б 21 120000818566 6 5.11 Дост: DA Вид: Г N: 45 Дата: 22.12.2017 Дата инв: 14.02.2018 Бележки инв: П2018 Книги
Vip Innovations Ltd, Rousse, Bulgaria 2025